书目信息 |
| 题名: |
社会主义市场经济简论
|
|
| 作者: | 姜成厚 主编 | |
| 分册: | ||
| 出版信息: | 沈阳 沈阳出版社 1993 |
|
| 页数: | 201页 | |
| 开本: | 19cm | |
| 丛书名: | ||
| 单 册: | ||
| 中图分类: | F045.5 | |
| 科图分类: | 27.2765 | |
| 主题词: | 社会主义经济∶市场经济--概论 , 市场经济∶社会主义经济--概论 | |
| 电子资源: | ||
| ISBN: | 7-5441-0057-X | |
| 000 | 00733nam0 2200241 45 | |
| 001 | 0194013215 | |
| 005 | 20070721165731.10 | |
| 010 | @a7-5441-0057-X@dCNY3.80 | |
| 100 | @a19940301d1993 em y0chiy0121 ea | |
| 101 | 0 | @achi |
| 102 | @aCN | |
| 105 | @ay z 000yy | |
| 200 | 10 | @a社会主义市场经济简论@ASHE HUI ZHU YI SHI CHANG JING JI JIAN LUN@f姜成厚主编@FQIU RUN GUO DENG ZHU BIAN |
| 210 | @a沈阳@c沈阳出版社@d1993 | |
| 215 | @a201页@d19cm | |
| 540 | 1 | @a市场 经济@ASHI CHANG JING JI |
| 606 | @a社会主义经济∶市场经济@x概论 | |
| 606 | @a市场经济∶社会主义经济@x概论 | |
| 690 | @aF045.5@v三版 | |
| 692 | @a27.2765 | |
| 701 | 0 | @a姜成厚@Ajiang cheng hou@4主编 |
| 801 | 0 | @aCN@bTSSF@c20070721 |
| 905 | @a10447@dF045.5@e112 | |
| 社会主义市场经济简论/姜成厚主编.-沈阳:沈阳出版社,1993 |
| 201页;19cm |
| ISBN 7-5441-0057-X:CNY3.80 |
| ● |
| 相关链接 |
|
|
|
|
正题名:社会主义市场经济简论
索取号:F045.5/112
 
预约/预借
| 序号 | 登录号 | 条形码 | 馆藏地/架位号 | 状态 | 备注 |
| 1 | 0766441 | 207664419 | 第一样本阅览室/ [索取号:F045.5/112] | 在馆 |